01809njc a2200385 c 450000100060000000300100000600500170001600700030003300800410003602000180007704000350009504100080013008200200013810000490015824501490020725000180035626400780037430000740045233600270052633700330055333800280058649000440061450400460065852100530070454500640075765000960082165000890091765000810100665000450108765000970113270000360122994200120126599900170127795201290129457764CO-BoRNBP20250730145134.0ta201204s1998 ck abdojr 0 0dspa d a9789589688946 aCO-BoRNBPbspaerdacCO-BoRNBP0 aspa04a393.9bC67a222 aCórdoba Cuesta, Darcio Antonioeaut96155013aEl alabao :bcantos fúnebres de la tradición oral del Pacífico colombiano /cDarcio Antonio Córdoba Cuesta, Cidenia Rovira de Córdoba. a1a. edición 1aSanta Fe de Bogotá, Colombia :bCorporación Identidad Cultural,c1998 a107 [12] páginas :bilustraciones, mapas, gráficos, fotografías 2rdacontentatextobtxt 2rdamediaasin mediaciónbn 2rdacarrieravolumenbnc0 aEstudio acontecer afrocolombianoaVol.1 aIncluye bibliografía al final del texto aRecomendado para un público mayor de 15 años aIncluye datos biográficos de los autores en contraportada07aAlabao (Canción Fúnebre)xinvestigacioneszPacífico (Región, Colombia)2lemb96155107aCostumbres funerariasxinvestigacioneszPacífico (Región, Colombia)2lemb96155207aFolclor negroxinvestigacioneszPacífico (Región, Colombia)2lemb96155307aPacifico (Region, Colombia)2lemb96155407aRitos y ceremonias fúnebresxinvestigacioneszPacífico (Región, Colombia)2lemb961555 aRovira de Cordoba, Cideniaeaut 2ddccBK c57764d57764 00102ddc40708GENaMEMACAREbMEMACAREcGENd2025-07-30l0o393.9 C67apLM02907r2025-07-30 14:52:14tEj.1w2025-07-30yBK